Statistiken für Österreich-Ungarn Städte Quiz

Klicken Sie hier um das Quiz zu spielen!

Allgemein

  • Dieses Quiz wurde 189 mal gespielt
    (188 seit der letzten Aktualisierung)
  • Das Durchschnittsergebnis liegt bei 13 aus 22

Antwortstatistiken

EinwohnerStadtLand% Korrekt
1.840.573WienÖsterreich
100%
1.752.286BudapestUngarn
99%
1.308.632Praha / PragTschechien
99%
688.163ZagrebKroatien
93%
432.864BratislavaSlowakei
90%
774.839Kraków / KrakauPolen
88%
275.524SarajevoBosnien u. H.*
86%
273.838GrazÖsterreich
82%
380.681Brno / BrünnTschechien
80%
280.310LjubljanaSlowenien
79%
724.713Lwiw / LembergUkraine
71%
204.267TriestItalien
65%
277.522Novi SadSerbien
47%
324.576Cluj-Napoca / KlausenburgRumänien
46%
201.432DebrecenUngarn
41%
289.128Ostrava / OstrauTschechien
40%
238.757KošiceSlowakei
34%
319.279Timișoara / TemeswarRumänien
29%
253.200Brașov / KronstadtRumänien
22%
266.533CzernowitzUkraine
15%
227.755Ternopil / TarnopolUkraine
15%
236.602Iwano-FrankiwskUkraine
11%

Verteilung der Resultate

Perzentil nach korrekt beantworteten Fragen

Anzahl Personen mit jedem Resultat

Ihre Resultats-Entwicklung

Sie haben dieses Quiz seit der letzten Aktualisierung nicht gespielt